000 00412cam a22001457a 4500
008 180718b1995 xxu||||| |||| 00| 0 eng d
020 _a8121204895
082 _aF5x54 Sa19
100 _aSahai, Shashi B.
245 _aPolitics of corruption: the goddess that failed
_cby Shashi B. Sahai
260 _aNew Delhi
_bGyan
_c1995
300 _a228p.
650 _aCorruption
650 _aPolitical corruption - India
999 _c376781
_d376781